000 01395cam a22002054a 4500
005 20250605164225.0
008 250528s ||||||||||||||||||||||||d
035 _a20829
020 _a9780702029981
040 _aGR-AtMCL
_bgre
_dGR-AtMCL
_eAACR2
245 1 _aResearch Methods for Clinical Therapists / Applied Project Design and Analysis: Fifth Edition
250 _a5th
260 _bChurchill Livingstone - Elsevier,
_c2009
300 _a408
520 _aThe focus of this book is the design and analysis of experimental studies. Preface, Acknowledgements, Basic Principles of Research, Questionnaires and Surveys and Sampling, The Nature of the Data, Testing Hypotheses, Sources of Error in Research, Putting the Theory into Practice, Statistical Tests, Non-Parametric Tests for Same and Matched-Subject Designs, Parametric Tests for Same and Matched-Subject Designs, Non-Parametric Tests for Different (Unrelated) Subject Designs, Parametric Tests for Different (unrelated) Subject Designs, Research Applications, Attitude Scales, Repertory Grid Analysis, Capturing Expert Opinion: The Delphi Technique, Capturing the User Voice: Thurstone's Paired Comparison Technique, Capturing the Clinician's View: Reliability Measures, Undertaking Systematic Reviews, Appendices, Glossary, Index.
700 1 _aHicks Carolyn
_9376
942 _cBK
999 _c5911
_d5911